000 00599nam a2200181Ia 4500
003 GCL
008 140319s9999 xx 000 0 ara d
040 _aGCL /
_cGCL
082 0 4 _a005.13
_bم ت
100 1 _aمجدى محمد ابوالعطا
245 1 0 _aتعلم اكسـل Arbic Excel 4.0 فى يوم واحد /
_cمجدى محمد ابوالعطا
260 _a[S.N] :
_bمؤسسة جمال الجاسم للالكترونيات ،
_c1993
300 _a208 ص
490 _a
650 0 4 _aاكسيل
650 0 4 _aبرامج الحاسبات الالكترونية
942 _2ddc
_cBK
999 _c38822
_d38822